000 00318nam a2200157 4500
005 20260311160322.0
008 CU66
020 _a0852974361
050 _aHG 3853 COY
100 _aCOYLE BRIAN
245 _aCURRENCY SWAPS
260 _aLONDON
_bBPP
_c2000
300 _a121p.
500 _aINDEX
942 _2lcc
_cBK
_n0
999 _c8934
_d8934